000 00710nam a2200253Ia 4500
003 OSt
005 20220925203446.0
006 a|||||r|||| 00| 0
007 ta
008 220923b |||||||| |||| 00| 0 eng d
020 _a0748618708
037 _cGeneral Book
040 _aRTL
_cRTL
_beng
041 _2eng
_aeng
082 _aY73(Q7):3(W), P4
100 _aCrone Patricia
_976434
245 0 _aMedieval Islamic Political Thought
260 _aEdinburgh
_bEdinburgh University Press
_c2004
300 _ax, 462p
_ccm.
500 _aBibliography: P 414-446
650 _aMuslims
_926356
942 _hY73(Q7):3(W), P4
_cGB
_2CC
999 _c546551
_d546551